[Event "Almaty Open 2017"]
[Site "Almaty"]
[Date "2017.10.10"]
[Round "8"]
[White "Kozganbay, Erkin"]
[Black "Vahidov, Tair"]
[Result "0-1"]
[WhiteElo "2342"]
[BlackElo "2416"]
[Annotator "TA"]
[PlyCount "122"]
[EventDate "2017.??.??"]
[EventType "swiss"]
[EventCountry "KAZ"]
[SourceTitle "playchess.com"]
[Source "ChessBase"]
[SourceQuality "1"]

{[%evp 17,122,33,32,32,32,28,35,25,39,7,13,8,10,0,0,0,0,-10,-20,-26,-26,-25,0,0,0,0,0,0,0,-11,0,-6,0,0,0,0,0,0,0,0,0,-65,-57,-91,-96,-95,-76,-116,-108,-145,-140,-141,-141,-150,-132,-277,-270,-303,-262,-365,-331,-516,-539,-543,-515,-533,-96,-102,0,-515,-482,-549,-549,-529,-526,-1068,-287,-185,0,-908,-806,-855,-841,-1139,-1000,-1496,-1297,-5915,-2306,-5600,-4918,-29986,-29987,-29989,-29982,-29982,-29982,-29980,-29980,-29979,-29980,-29978,-29979,-29992,-29993,-29993,-29994]} 1. e4 e5 2. f4 exf4 3. Bc4 d5 4. Bxd5 Nf6 5. Nc3 Bb4 6. Nf3 Bxc3 7. dxc3 {C33: King's Gambit Accepted: 3 Nc3 and 3 Bc4} c6 8. Bb3 (8. Bc4 Qxd1+ 9. Kxd1 O-O 10. Bxf4 Nxe4 11. Re1 Nf6 12. Re7 Nbd7 13. Ng5 Nb6 14. Bxf7+ Rxf7 15. Rxf7 {0-1 (41) Ganguly,S (2665)-Wang,Y (2699) Ashkhabad 2017}) 8... Qxd1+ 9. Kxd1 O-O {LiveBook: 4 Games} 10. Bxf4 Nxe4 11. Re1 Bf5 12. Kc1 $146 {[#] Strongly threatening Nh4.} ({Predecessor:} 12. Ke2 Nd7 13. Kf1 Ndc5 14. Kg1 Rfe8 {0-1 (47) Bangiev,A (2432)-Bojkov,D (2521) Nuremberg 2009}) 12... Nf6 13. Bd6 Re8 14. Rxe8+ Nxe8 15. Be7 Nd7 16. Kd2 Nef6 17. Nh4 Be4 18. Rf1 Re8 19. Bd6 Bd5 20. Bxd5 Nxd5 21. Nf5 g6 22. Nh6+ Kg7 $1 {And now ...N7f6 would win.} 23. Rxf7+ Kxh6 24. Rxd7 $11 {[%mdl 4096] Endgame KRB-KRN} Nf6 25. Bf4+ g5 26. Bxg5+ $1 ({Reject} 26. Rd6 Kg7 $17) 26... Kxg5 27. Rxb7 {KRN-KR} Rd8+ 28. Ke2 Rd7 29. Rb8 ({White should play} 29. Rxd7 $11 Nxd7 30. Ke3) 29... Rc7 30. b4 Kf5 31. c4 c5 {[%cal Bc6c5,Bc5c4][%mdl 32]} 32. b5 Nd7 33. Rh8 Ne5 34. Kd2 Nxc4+ 35. Kc3 {[#]} Nb6 $1 36. Kb3 (36. Rg8 $17 {was necessary.}) 36... c4+ $19 37. Kb4 Nd5+ 38. Ka5 Ne3 39. b6 (39. Rf8+ {might work better.} Ke4 40. Rf2) 39... axb6+ 40. Kxb6 Nd5+ 41. Kb5 Nc3+ $2 (41... Ke4 $19 {is more deadly. Hoping for ...Kd4.} 42. Rb8 Kd4) 42. Kb6 $17 Nd5+ $2 {[%mdl 8192]} (42... Rg7 $17 43. Kc5 Rc7+ 44. Kd6 Rg7) 43. Kb5 $19 Ke5 44. a4 Kd4 45. a5 Rc5+ 46. Ka6 Nb4+ $2 (46... Kc3 47. Kb7 Rxa5) 47. Kb6 Nd5+ $2 ({Wrong is} 47... Nxc2 $2 48. Rd8+ Rd5 49. Rxd5+ Kxd5 50. a6 $18) (47... c3 48. Rxh7 Nd5+ 49. Ka6 Ke3) 48. Ka6 h5 49. Kb7 Rxa5 50. Rxh5 Ra2 51. Kc6 Nb4+ 52. Kb5 Nxc2 53. Rh8 Rb2+ 54. Ka4 Ne3 {Black mates.} 55. h4 Rxg2 56. h5 Rh2 57. h6 Nd5 58. h7 Rh3 59. Kb5 c3 60. Ka4 c2 61. Rc8 Nb6+ {Precision: White = 37%, Black = 69%.} 0-1

[Event "Almaty Open 2017"]
[Site "Almaty"]
[Date "2017.10.11"]
[Round "9"]
[White "Filippov, Anton"]
[Black "Fier, Alexandr"]
[Result "1/2-1/2"]
[WhiteElo "2592"]
[BlackElo "2573"]
[Annotator "TA"]
[PlyCount "38"]
[EventDate "2017.??.??"]
[EventType "swiss"]
[EventCountry "KAZ"]
[SourceTitle "playchess.com"]
[Source "ChessBase"]
[SourceQuality "1"]

{[%evp 22,23,12,16]} 1. e4 c6 2. d4 d5 3. Nc3 dxe4 4. Nxe4 Bf5 5. Ng3 Bg6 6. h4 h6 7. Nf3 e6 8. h5 Bh7 9. Bd3 Bxd3 10. Qxd3 Nf6 11. Bd2 c5 12. Ne4 {LiveBook: 77 Games. B19: Classical Caro-Kann: 4...Bf5 main line} {Predecessor:} Nc6 $146 13. Bc3 cxd4 14. Nxd4 Nb4 15. Nxf6+ gxf6 16. Bxb4 Bxb4+ 17. c3 Be7 18. O-O-O Qb6 19. Qb5+ Kf8 {1-0 (55) Wei,Y (2727)-Wang,H (2690) China 2017} 1/2-1/2

[Event "Almaty Open 2017"]
[Site "Almaty"]
[Date "2017.10.11"]
[Round "9"]
[White "Stupak, Kirill"]
[Black "Burmakin, Vladimir"]
[Result "1/2-1/2"]
[WhiteElo "2578"]
[BlackElo "2515"]
[Annotator "TA"]
[PlyCount "41"]
[EventDate "2017.??.??"]
[EventType "swiss"]
[EventCountry "KAZ"]
[SourceTitle "playchess.com"]
[Source "ChessBase"]
[SourceQuality "1"]

{[%evp 18,19,34,24]} 1. d4 d5 2. c4 e6 3. Nf3 Nf6 4. cxd5 exd5 5. Qc2 c6 6. Nc3 Be7 7. Bg5 h6 8. Bh4 Nbd7 9. e3 O-O 10. Bd3 {Predecessor:} Re8 $146 11. Bg3 Nh5 12. O-O-O Nxg3 13. hxg3 Nf6 14. Kb1 Bd6 15. Nh4 Be6 16. Bf5 Qd7 17. Bxe6 Qxe6 18. Ne2 Qe4 19. Nf5 Bf8 20. Nc3 Qxc2+ 21. Kxc2 {½-½ (45) Van Wely,L (2693)-Van Kampen,R (2607) Hoogeveen 2013} 1/2-1/2

[Event "Almaty Open 2017"]
[Site "Almaty"]
[Date "2017.10.11"]
[Round "9"]
[White "Yudin, Sergei"]
[Black "Askarov, Bakhtiyar"]
[Result "0-1"]
[WhiteElo "2517"]
[BlackElo "2407"]
[Annotator "TA"]
[PlyCount "90"]
[EventDate "2017.??.??"]
[EventType "swiss"]
[EventCountry "KAZ"]
[SourceTitle "playchess.com"]
[Source "ChessBase"]
[SourceQuality "1"]

{[%evp 25,90,0,0,-4,0,0,0,-16,0,0,0,0,26,0,20,-21,-8,-22,18,-43,-45,-57,-60,-83,-66,0,0,-36,-10,-11,0,-5,0,-29,0,-18,0,0,25,0,0,0,0,0,0,-14,0,0,0,0,0,0,-5,-91,-75,-63,-77,-80,-64,-726,-728,-727,-724,-726,-726,-690,-683]} 1. e4 c5 2. Nf3 e6 3. g3 d6 4. Bg2 Nf6 5. d3 Nc6 6. O-O Be7 7. c3 O-O 8. Re1 Bd7 9. d4 cxd4 {B30: Sizilianisch (Rossolimo-Variante)} 10. cxd4 d5 11. e5 Ne4 12. Nbd2 Nxd2 13. Bxd2 Qb6 {LiveBook: 10 Partien} 14. Bc3 a5 15. h4 {[%cal Bh2h4,Bh4h5][%mdl 32]} a4 16. a3 $146 ({Vorgänger:} 16. Ng5 h6 17. Nh3 {0-1 (34) Shevelev,D (2299)-Ehlvest,J (2631) New York 2004}) 16... Na7 17. Qd2 Rfc8 18. Rac1 Nc6 19. h5 Na5 20. Qf4 (20. Bxa5 $5 Rxa5 21. Rxc8+ Bxc8 22. Rc1 $11) 20... Nb3 21. Rcd1 Bb5 22. Re3 ({Lieber} 22. h6 $11) 22... Qd8 23. g4 Na5 24. g5 Nc4 25. Red3 $1 {[%cal Be3d3,Bd3d2,Bd2c2][%mdl 32]} Na5 26. R3d2 Nb3 27. Rc2 Rc6 28. Bh3 Rac8 29. Qe3 Qc7 30. Qf4 Rf8 31. Qe3 Kh8 32. Kh1 Rc8 {zielt auf ...Lxa3! ab.} 33. Qf4 Rf8 {Droht ...Lxa3! und aus.} 34. Qe3 Ba6 35. Kg2 Bb5 36. Rh1 Rc8 {[#]} 37. g6 $1 {[%mdl 512]} h6 (37... fxg6 38. hxg6) 38. gxf7 Rf8 39. Rg1 ({Vergiftet wäre} 39. Qf4 $2 Bd3 $19) (39. Bg4 $11 {hält das Gleichgewicht.}) 39... Rxf7 40. Kh1 Qc8 41. Rg6 Qf8 $36 {[%mdl 2048] Schwarz hat Druck.} 42. Kg2 $2 {[%mdl 8192] [#]} (42. Ne1 $15) 42... Rxf3 $1 $19 {[%mdl 512] Schwarz steht klar auf Gewinn.} 43. Qxf3 {[#]} Bf1+ $1 {[%mdl 512]} 44. Kg3 (44. Kxf1 Qxf3) 44... Qxf3+ 45. Kxf3 Bxh3 {Precision: Weiß = 38%, Schwarz = 53%.} 0-1

[Event "Almaty Open 2017"]
[Site "Almaty"]
[Date "2017.10.11"]
[Round "9"]
[White "Khusenkhojaev, Muhammad"]
[Black "Novikov, Denis M"]
[Result "1/2-1/2"]
[WhiteElo "2466"]
[BlackElo "1236"]
[Annotator "TA"]
[PlyCount "207"]
[EventDate "2017.??.??"]
[EventType "swiss"]
[EventCountry "KAZ"]
[SourceTitle "playchess.com"]
[Source "ChessBase"]
[SourceQuality "1"]

{[%evp 19,207,-16,-10,-15,-12,-22,-22,-28,-18,-30,0,-3,0,-8,0,0,0,-5,0,-4,15,0,0,-3,0,-6,0,-18,-10,-10,16,16,20,25,45,16,65,61,78,55,75,43,43,30,40,33,39,46,39,43,28,28,50,18,13,0,0,0,0,0,0,0,0,0,0,0,0,0,0,0,0,0,0,0,0,0,0,0,0,0,0,0,0,0,0,9,11,0,0,0,0,0,0,0,0,0,0,0,0,0,0,0,0,0,0,0,0,0,0,0,0,0,0,0,0,0,0,0,0,0,0,0,0,0,0,0,0,0,0,0,0,0,0,0,0,0,0,0,0,0,0,0,0,0,0,0,0,0,0,0,0,0,0,0,12851,0,0,0,12851,0,12851,12851,29975,0,0,0,0,0,0,0,0,0,12851,0,0,0,0,0,0,0,0,0,0,0,0,0,0,0,0,0]} 1. c4 Nf6 2. g3 c6 3. Nf3 d5 4. b3 Bf5 5. Bb2 e6 6. Bg2 h6 7. O-O Be7 8. d3 O-O 9. Nbd2 a5 10. a3 Nbd7 11. cxd5 {A12: English Opening: 1...c6 with b3 by White} (11. Qb1 Bh7 12. b4 axb4 13. axb4 Qb6 14. Bc3 Rxa1 15. Qxa1 Bxb4 16. Bxb4 Qxb4 17. Rb1 Qd6 18. Rxb7 e5 {1-0 (33) Rapport,R (2702)-Carlsen,M (2840) Wijk aan Zee 2017}) 11... exd5 12. Nd4 Bh7 13. Bh3 Re8 14. Qc2 $146 ({Predecessor:} 14. Nf5 Bf8 15. Nf3 Nc5 16. Qc2 Ne6 17. Rfe1 Ng5 18. Nxg5 hxg5 {½-½ (60) Mortazavi,A (2371)-Speelman,J (2548) Caleta 2005}) 14... Bd6 15. Rfe1 Qb6 16. Nf5 Be5 (16... Bc5 {is interesting.} 17. e3 Bf8 18. e4 h5 19. exd5 cxd5 20. Bd4 Bc5) 17. Nf3 Bxb2 18. Qxb2 Bxf5 19. Bxf5 Re7 20. d4 Ne4 21. e3 g6 22. Bh3 Nd6 23. a4 Qb4 24. Rec1 f5 25. Ne1 {[%cal Bf3e1,Be1d3,Bd3b4][%mdl 32]} Ne4 26. Nd3 Qd6 27. Rc2 h5 28. b4 axb4 29. a5 Nb8 30. Nxb4 h4 {[%cal Rh4g3]} 31. Bg2 hxg3 32. hxg3 Na6 33. Nxa6 Rxa6 34. Bf1 Ra8 35. a6 bxa6 36. Qb6 (36. Rac1 {is more complex.} Rb8 37. Qa2 Rb6 38. Qa5 Reb7 39. Bxa6 Rb8 40. Kg2) 36... Re6 37. Rxa6 Rxa6 38. Qxa6 Nxg3 $1 39. fxg3 Qxg3+ 40. Kh1 Qf3+ 41. Rg2 Qh3+ 42. Rh2 Qf3+ 43. Rg2 Qh3+ 44. Rh2 Qf3+ 45. Bg2 Qxe3 46. Rh3 Qc1+ 47. Bf1 Qe1 48. Kg1 {Hoping for Qc8+.} Qe4 $1 49. Qc8+ Re8 50. Qxc6 Qxd4+ 51. Kh1 Kf8 52. Qxg6 Qe4+ 53. Bg2 {[#] White threatens Qf6+ and mate.} Qe1+ 54. Kh2 {Threatening mate with Qf6+.} Qe5+ 55. Rg3 Qh8+ 56. Rh3 (56. Bh3 {feels hotter.} Re2+ 57. Kg1 Qd4+ 58. Kh1 Re1+ 59. Kh2) 56... Qe5+ 57. Qg3 Qxg3+ 58. Kxg3 $11 {[%mdl 4096] Endgame KRB-KR} Re3+ 59. Bf3 Ke7 60. Kf4 d4 61. Rh5 Re6 62. Bd5 Re1 63. Rxf5 d3 64. Bf3 Re6 65. Rd5 Rd6 66. Ra5 d2 67. Ra1 (67. Bd1 {with more complications.} Rc6 68. Rd5 Rc1 69. Bf3 Ra1 70. Bg4) 67... Kf6 68. Ke3 Re6+ 69. Kxd2 Rd6+ 70. Ke3 Ke5 71. Ra5+ Kf6 72. Kf4 Rd4+ 73. Be4 Rd6 74. Rh5 Re6 75. Bd5 {[#] White wants to mate with Rh6+.} Rd6 76. Ke4 Kg6 77. Rh1 Rf6 78. Rg1+ Kh6 79. Ke5 Rg6 80. Rh1+ Kg7 81. Be4 Rh6 82. Rg1+ Kf8 83. Bd5 Ke7 84. Rg7+ Kf8 85. Rf7+ Kg8 86. Be6 Kh8 87. Kf5 $2 (87. Rf8+ $18 Kh7 88. Ra8) 87... Rh2 88. Ra7 Rf2+ $2 {[%mdl 8192]} (88... Rh5+ $11 89. Kf6 Rh6+ 90. Ke5 Rh5+ 91. Bf5 Rh6) 89. Kg5 Rf8 $2 {[%mdl 8192]} (89... Rg2+ $11 90. Kf4 Rf2+ 91. Kg4 Rg2+ 92. Kf5 Rg5+ 93. Kf4 Rb5) 90. Bf5 Rb8 91. Kh6 $2 (91. Rh7+ {mates} Kg8 92. Re7 Rb6 93. Be6+ Kf8 94. Kf6 Rb2 95. Rh7 Rf2+ 96. Bf5) 91... Kg8 92. Be6+ Kf8 93. Kg6 {Strongly threatening Rh7.} Ke8 94. Kf6 Kd8 95. Rd7+ Ke8 96. Rd1 $2 (96. Rd6 $18 {Intending Bf5 and mate.} Ra8 97. Bd5) 96... Rb6 {The position is equal.} 97. Rc1 {[%cal Rc1c8]} Rd6 98. Rc7 (98. Ke5 {keeps more tension.} Rd2 99. Bd5 Rb2 100. Rh1 Kd7 101. Rg1) 98... Rd2 99. Ke5 (99. Bb3 {looks sharper.} Rf2+ 100. Ke6 Kf8 101. Ke5 Re2+ 102. Kd6) 99... Kd8 100. Rg7 Rb2 101. Rd7+ Ke8 102. Ra7 Kd8 103. Bd5 {Threatens to win with Kd6.} Rb6 104. Ke4 {Precision: White = 64%, Black = 73%.} 1/2-1/2

[Event "Almaty Open 2017"]
[Site "Almaty"]
[Date "2017.10.11"]
[Round "9"]
[White "Kostenko, Petr"]
[Black "Urazayev, Arystanbek"]
[Result "1-0"]
[WhiteElo "2421"]
[BlackElo "2363"]
[Annotator "TA"]
[PlyCount "113"]
[EventDate "2017.??.??"]
[EventType "swiss"]
[EventCountry "KAZ"]
[SourceTitle "playchess.com"]
[Source "ChessBase"]
[SourceQuality "1"]

{[%evp 15,113,19,18,0,14,0,15,16,16,16,15,5,31,15,9,0,0,0,0,0,0,-19,39,-6,41,41,68,70,90,88,99,35,54,48,72,56,43,32,25,16,50,48,45,49,61,47,48,41,42,33,41,31,43,29,42,29,31,32,58,41,47,45,69,39,51,52,60,60,60,60,60,64,255,243,427,420,439,421,528,508,481,461,601,573,1826,1690,1607,1697,12834,7236,6095,5922,29970,29969,29964,6307,29974,29974,6199,5708]} 1. e4 e5 2. Nf3 Nc6 3. Bc4 Nf6 4. d3 Bc5 5. O-O a6 6. c3 d6 7. a4 {C54: Giuoco Piano: 4 c3 Nf6, main lines with 5 d4 and 5 d3} Ba7 (7... h6 8. Re1 O-O 9. h3 a5 10. Nbd2 Be6 11. Bb5 Na7 12. d4 exd4 13. cxd4 Bb4 14. Bd3 d5 15. e5 Nd7 {½-½ (76) Vachier Lagrave,M (2804)-Svidler,P (2751) Tbilisi 2017}) 8. Nbd2 h6 {LiveBook: 7 Games} 9. Bb3 {The position is equal.} O-O 10. Re1 Be6 (10... Ng4 $5 {[%cal Rg4f2]} 11. Rf1 Qe7 $11) 11. Bxe6 $146 ({Predecessor:} 11. Nc4 b5 12. Ne3 d5 13. exd5 Nxd5 14. Nxd5 Bxd5 15. Be3 Bxe3 16. Rxe3 {1-0 (65) Fries Nielsen,J (2440)-Brinck Claussen,B (2380) Tarnby 1983}) 11... fxe6 12. Nf1 Nh5 13. Be3 Nf4 14. Kh1 Qf6 15. Ng1 d5 16. Bxa7 Rxa7 17. g3 Ng6 18. f3 h5 ({Black should try} 18... Raa8 $11) 19. Rc1 h4 20. Ne3 hxg3 21. hxg3 Qg5 22. Ng4 dxe4 23. fxe4 (23. dxe4 $16 Qe7 24. Qe2) 23... Nf4 $1 $14 24. Re3 $1 Raa8 25. Rc2 Nh5 $1 26. Nh3 Qg6 27. Rf2 Rxf2 28. Nhxf2 Rf8 29. Kg2 Nf6 30. Rf3 Nxg4 31. Nxg4 Rxf3 32. Kxf3 Qh5 33. Kg2 {[#] Nf6+! is the strong threat.} Kf7 34. Qf3+ Ke7 35. Ne3 Qg5 36. Kf2 Nd8 37. Qg4 Qf6+ 38. Ke2 Nf7 39. Nc4 Nd6 40. Nd2 Qh6 41. Qh4+ Qxh4 42. gxh4 {[%mdl 4096] Endgame KN-KN} Kf6 43. Kf3 c5 $2 {[#]} ({Black should play} 43... b5 $14) 44. a5 $18 Ke7 $2 (44... Kg6 {keeps fighting.} 45. c4 Kh5) 45. Kg4 Nf7 46. Kh5 Kf6 47. Nb3 c4 48. dxc4 Nd6 49. Nd2 Nf5 50. exf5 exf5 51. Ne4+ fxe4 {KP-KP} 52. Kg4 Ke6 53. b4 Kf6 54. c5 Ke7 55. c4 Ke6 56. h5 Ke7 57. Kg3 {Precision: White = 65%, Black = 35%.} 1-0

[Event "Almaty Open 2017"]
[Site "Almaty"]
[Date "2017.10.11"]
[Round "9"]
[White "Vahidov, Tair"]
[Black "Malakhatko, Vadim"]
[Result "1/2-1/2"]
[WhiteElo "2416"]
[BlackElo "2511"]
[Annotator "TA"]
[PlyCount "32"]
[EventDate "2017.??.??"]
[EventType "swiss"]
[EventCountry "KAZ"]
[SourceTitle "playchess.com"]
[Source "ChessBase"]
[SourceQuality "1"]

{[%evp 15,19,83,47,41,45,23]} 1. d4 d5 2. Nf3 Nf6 3. c4 dxc4 4. e3 e6 5. Bxc4 c5 6. O-O a6 7. dxc5 Bxc5 8. Qxd8+ Kxd8 9. Rd1+ {D27: Queen's Gambit Accepted: Classical main line: 7 e4!? and 7 a4} (9. Be2 Ke7 10. Nbd2 Nc6 11. b3 Rd8 12. Bb2 b6 13. a3 a5 14. Rfc1 Bb7 15. Bxf6+ gxf6 16. Ne4 Bd6 17. Nxd6 Rxd6 18. Kf1 {½-½ (33) So,W (2810)-Caruana,F (2807) Saint Louis 2017}) 9... Ke7 10. Nbd2 {Predecessor:} Rd8 $146 11. Be2 Bd7 12. Nc4 Bb5 13. Rxd8 Kxd8 14. Nfe5 Ke7 15. b3 Nbd7 16. Nxd7 Nxd7 {½-½ (40) Zifroni,D (2490)-Lintchevski,D (2539) Israel 2011} 1/2-1/2

[Event "Almaty Open 2017"]
[Site "Almaty"]
[Date "2017.10.11"]
[Round "9"]
[White "Vokhidov, Shamsiddin"]
[Black "Rakhimzhan, Alen"]
[Result "1-0"]
[WhiteElo "2399"]
[BlackElo "2078"]
[Annotator "RC"]
[PlyCount "125"]
[EventDate "2017.??.??"]
[EventType "swiss"]
[EventCountry "KAZ"]
[SourceTitle "playchess.com"]
[Source "ChessBase"]
[SourceQuality "1"]
[TimeControl "5400+30"]

1. e4 {[%emt 0:00:00]} e5 {[%emt 0:00:24]} 2. Nf3 {[%emt 0:00:09]} Nc6 {[%emt 0:00:10]} 3. Bb5 {[%emt 0:00:10]} Nf6 {[%emt 0:00:07]} 4. d3 {[%emt 0:00:09]} Bc5 {[%emt 0:00:07]} 5. c3 {[%emt 0:00:11]} O-O {[%emt 0:00:10]} 6. O-O {[%emt 0:00:10]} d6 {[%emt 0:00:07]} 7. Nbd2 {[%emt 0:00:12]} a6 {[%emt 0:00:07]} 8. Ba4 {[%emt 0:00:09]} Ba7 {[%emt 0:00:06]} 9. h3 {[%emt 0:00:29]} Ne7 {[%emt 0:00:07]} 10. Re1 {[%emt 0:00:20]} Ng6 {[%emt 0:00:21]} 11. Nf1 {[%emt 0:00:10]} c6 {[%emt 0:00:09]} 12. Ng3 {[%emt 0:03:50]} Qc7 {[%emt 0:06:32]} 13. Bg5 {[%emt 0:01:37]} Nd7 {[%emt 0:06:52]} 14. d4 {[%emt 0:01:23]} b5 {[%emt 0:10:34]} 15. Bc2 {[%emt 0:03:23]} h6 {[%emt 0:05:05]} 16. Be3 {[%emt 0:00:37]} Nf6 {[%emt 0:01:27]} 17. Qd2 {[%emt 0:00:48]} Re8 {[%emt 0:06:51]} 18. Rad1 {[%emt 0:03:53]} Be6 {[%emt 0:02:37]} 19. Nf5 {[%emt 0:04:17]} Bxf5 {[%emt 0:25:17]} 20. exf5 {[%emt 0:00:09]} e4 {[%emt 0:07:53]} 21. Nh2 {[%emt 0:11:43]} Nf8 {[%emt 0:03:49]} 22. Ng4 {[%emt 0:07:50]} N8h7 {[%emt 0:00:51]} 23. Nxf6+ {[%emt 0:02:58]} Nxf6 {[%emt 0:00:18]} 24. Bxh6 {[%emt 0:00:48]} Nh7 {[%emt 0:15:50]} 25. Bf4 {[%emt 0:00:26]} Nf6 {[%emt 0:00:18]} 26. Bh6 {[%emt 0:01:27]} Nh7 {[%emt 0:00:32]} 27. f6 {[%emt 0:00:55]} d5 {[%emt 0:03:12]} 28. Bxg7 {[%emt 0:01:14]} Bb8 {[%emt 0:00:17]} 29. g3 {[%emt 0:00:59]} Qd7 {[%emt 0:00:01]} 30. Qh6 {[%emt 0:02:05]} Qf5 {[%emt 0:00:26]} 31. Rf1 {[%emt 0:02:07]} Qg6 {[%emt 0:01:12]} 32. Qxg6 {[%emt 0:00:45]} fxg6 {[%emt 0:00:03]} 33. f3 {[%emt 0:00:43]} e3 {[%emt 0:04:09]} 34. Bxg6 {[%emt 0:00:45]} Re6 {[%emt 0:00:05]} 35. Bf5 {[%emt 0:00:48]} Re8 {[%emt 0:00:17]} 36. Bxh7+ {[%emt 0:10:05]} Kxh7 {[%emt 0:00:06]} 37. f7 {[%emt 0:00:53]} Bxg3 {[%emt 0:00:02]} 38. fxe8=Q {[%emt 0:00:40]} Rxe8 {[%emt 0:00:05]} 39. Kg2 {[%emt 0:00:33]} e2 {[%emt 0:02:47]} 40. Kxg3 {[%emt 0:00:41]} Kxg7 {[%emt 0:00:03]} 41. Kf2 {[%emt 0:00:25]} Kf6 {[%emt 0:00:28]} 42. Rde1 {[%emt 0:00:14]} exf1=Q+ {[%emt 0:00:11]} 43. Kxf1 {[%emt 0:00:12]} Rh8 {[%emt 0:01:17]} 44. Kg2 {[%emt 0:00:12]} Rg8+ {[%emt 0:00:26]} 45. Kf2 {[%emt 0:01:19]} Rb8 {[%emt 0:00:24]} 46. b3 {[%emt 0:01:17]} a5 {[%emt 0:00:43]} 47. h4 {[%emt 0:00:41]} Rh8 {[%emt 0:00:21]} 48. Rh1 {[%emt 0:00:37]} Kf5 {[%emt 0:00:41]} 49. h5 {[%emt 0:00:22]} Rh6 {[%emt 0:00:22]} 50. Kg3 {[%emt 0:00:43]} b4 {[%emt 0:00:23]} 51. cxb4 {[%emt 0:00:37]} axb4 {[%emt 0:00:02]} 52. Rh2 {[%emt 0:00:13]} Kg5 {[%emt 0:00:20]} 53. f4+ {[%emt 0:00:21]} Kf5 {[%emt 0:00:04]} 54. Kf3 {[%emt 0:00:01]} Rh8 {[%emt 0:01:06]} 55. h6 {[%emt 0:00:36]} Rh7 {[%emt 0:00:22]} 56. Rh1 {[%emt 0:00:59]} Kg6 {[%emt 0:00:58]} 57. Kg4 {[%emt 0:01:56]} c5 {[%emt 0:00:32]} 58. dxc5 {[%emt 0:00:13]} d4 {[%emt 0:00:04]} 59. c6 {[%emt 0:01:22]} d3 {[%emt 0:00:40]} 60. c7 {[%emt 0:00:40]} Rxc7 {[%emt 0:00:16]} 61. h7 {[%emt 0:00:21]} Rxh7 {[%emt 0:01:19]} 62. Rxh7 {[%emt 0:00:05]} Kxh7 {[%emt 0:00:03]} 63. Kf3 {[%emt 0:00:05]} 1-0

[Event "Almaty Open 2017"]
[Site "Almaty"]
[Date "2017.10.11"]
[Round "9"]
[White "Kekelidze, Mikheil"]
[Black "Markov, Mikhail"]
[Result "1-0"]
[WhiteElo "2362"]
[BlackElo "2420"]
[Annotator "TA"]
[PlyCount "75"]
[EventDate "2017.??.??"]
[EventType "swiss"]
[EventCountry "KAZ"]
[SourceTitle "playchess.com"]
[Source "ChessBase"]
[SourceQuality "1"]

{[%evp 23,74,26,37,16,29,22,21,23,34,34,99,110,179,178,189,193,792,788,747,708,704,696,678,681,700,691,666,647,740,737,725,720,2285,700,701,663,29985,29986,29986,29987,29987,29988,29992,29993,29996,29995,29995,29996,29996,29997,29998,29999,29999]} 1. e4 c5 2. Nf3 d6 3. c3 Nf6 4. Be2 Nc6 5. d4 cxd4 6. cxd4 Nxe4 7. d5 Qa5+ 8. Nc3 Nxc3 9. bxc3 Ne5 10. Nxe5 dxe5 11. Rb1 {B50: Sicilian: 2...d6, Miscellaneous} a6 12. O-O e6 $1 {LiveBook: 6 Games} 13. d6 {[%mdl 1024] Strongly threatening Bf3.White is slightly better. White has compensation.} (13. Bf3 Bc5 14. d6 Ra7 15. Bg5 b5 16. Bc6+ Bd7 17. Qf3 f6 18. Bxf6 {1-0 (30) Antipov,M (2567)-Van Foreest,J (2541) Wijk aan Zee 2016}) 13... Qc5 $1 14. Qa4+ $146 ({Predecessor:} 14. Be3 Qxd6 15. Qc2 f5 16. Rfd1 Qc6 17. Rb6 Qc7 18. Qa4+ Bd7 19. Rxd7 Qxd7 20. Bb5 axb5 21. Qxa8+ Qd8 22. Rxe6+ Be7 23. Rxe7+ {1-0 (23) Genocchio,D (2440)-Sala,G (2022) Bratto 2012}) 14... Bd7 15. Qg4 Bc6 16. Rd1 {aiming for d7+!} Rd8 (16... h5 $14 17. Qg5 Bxd6) 17. Be3 $16 Qa3 (17... Qxc3 $16 18. Bxa6 Rxd6) 18. Bf3 $36 {[%mdl 2048] White is on the roll.} Bxf3 19. gxf3 f5 $2 ({Don't play} 19... Rxd6 20. Rxd6 Bxd6 21. Rxb7) (19... b5) 20. Qc4 Rxd6 21. Qc8+ Kf7 22. Rxb7+ Kf6 23. Rxd6 Qxd6 24. Qe8 {[%csl Gb7][%cal Re8f7]} f4 25. Bb6 {Threatening mate with Bd8+.} Kg5 26. Bd8+ Kh6 27. Rb6 Qd1+ 28. Kg2 g6 29. Rxe6 Bg7 {[#]} 30. Bg5+ $1 {[%mdl 512] White mates.} Kxg5 31. Qe7+ Kh5 32. Qxg7 {[%mdl 4096] Endgame KQR-KQR} Qd8 33. Rxe5+ g5 {[#]} 34. h4 $1 {[%mdl 512]} h6 (34... Kxh4 35. Qh6#) 35. Qf7+ Kxh4 36. Re1 {[%cal Re1h1]} g4 37. Rh1+ Kg5 38. Rh5# {Precision: White = 98%, Black = 61%.} 1-0